00752nam a2200241 a 4500001001300000003000900013005001700022008004100039020001000080082001900090100002700109245004000136260004800176300000900224500003500233505001000268650002900278700002700307902000800334942000700342952014400349999001700493nice12345678IN_TiNIC20260116013403.0050524s1997 alia grp 000 0 eng  ac22500a297.12207bANS aAnsari, Mohd Abdul Haq aLearning the Language of the Qur`an aAligarhbCentre for Religious Studiesc1997 a384p aincludes index and biblioraphy2 aIndex aQuran-Study and Teaching1 aAnsari, Mohd Abdul Haq bSRC cBK 001040708StackRoom-aHMIbHMId2007-07-30g225.00l3o297.12207 ANSp018255q2026-02-24r2026-02-10s2026-02-10v225.00w2005-05-24yBK c10805d10805